| 000 | 00853cam a22002534a 4500 | ||
|---|---|---|---|
| 999 |
_c918 _d918 |
||
| 001 | 15929452 | ||
| 003 | GZU | ||
| 005 | 20200916113246.0 | ||
| 008 | 091001s2010 mau b 001 0 eng | ||
| 010 | _a 2009041232 | ||
| 020 | _a9781845936327 (alk. paper) | ||
| 040 |
_aDLC _cDLC _dDLC |
||
| 050 | 0 | 0 |
_aG155.A1 _bSMI 2010 |
| 082 | 0 | 0 |
_a338.4/791072 _222 |
| 100 | 1 |
_aSmith, Stephen L. J., _d1946- |
|
| 245 | 1 | 0 |
_aPractical tourism research / _cStephen L.J. Smith. |
| 260 |
_aCambridge, Mass. : _bCAB International, _cc2010. |
||
| 300 |
_aviii, 259 p. ; _c25 cm. |
||
| 504 | _aIncludes bibliographical references and index. | ||
| 650 | 0 |
_aTourism _xResearch _xMethodology. |
|
| 906 |
_a7 _bcbc _corignew _d1 _eecip _f20 _gy-gencatlg |
||
| 942 |
_2lcc _cBK _h155.A1 _iSMI _kG |
||